000 00576nam a2200193Ia 4500
005 20250508163304.0
008 008 250505s9999 xx 000 0 hin d
037 _aDissertations
040 _aFEDL
_beng
_cFEDL
041 _ahin
_2eng
084 _a370.1, SIN/DI
_qFEDL
100 _aSingh Chetan
245 0 _aBharat aur England ki vyavsayki shiksha ki sanrachna aur sangthan ka tulnatmak addhyan
260 _c1987
300 _a77p.
546 _aM. Ed. Dissertation (Delhi University)
942 _cDIS
_h370.1, SIN/DI
999 _c1382061
_d1382061